00577nam a2200169 i 450000100060000000300090000600500170001500700030003200800410003508000350007610000400011124500640015126000560021530000210027160000520029285200630034492745ES-MaACL20230906181040.0t|050426s1961 sp ||||1| spa d a821.134.2 Medina, Vicente 1.061 aGarcía Morales, Justo,d1914-199810aVicente Medina y el otro 98 / cpor Justo García Morales. aMurcia : b[s.n.], c1961 (fSucesores de Nogués) a28 p. ; c24 cm.14aMedina, Vicente-xCrítica e interpretación. aES-MaACLj2187-F-16 z- Donat. Ernesto García Camarero